Catálogo público

Root biology / (Record no. 217371)

MARC details
000 -CABECERA
campo de control de longitud fija 00939 a2200289 4500
003 - IDENTIFICADOR DEL NÚMERO DE CONTROL
campo de control OSt
005 - FECHA Y HORA DE LA ÚLTIMA TRANSACCIÓN
campo de control 20230323102847.0
008 - DATOS DE LONGITUD FIJA--INFORMACIÓN GENERAL
campo de control de longitud fija 220727s2018 sz a||||r|||| 00| 0 eng d
020 ## - NÚMERO INTERNACIONAL ESTÁNDAR DEL LIBRO
Número Internacional Estándar del Libro 9783319759098
040 ## - FUENTE DE LA CATALOGACIÓN
Centro/agencia transcriptor CHAP
082 00 - NÚMERO DE LA CLASIFICACIÓN DECIMAL DEWEY
Número de clasificación 575.54
Número de documento/Ítem R67
Número de edición 22
245 00 - MENCIÓN DE TÍTULO
Título Root biology /
Mención de responsabilidad, etc. editado por Bhoopander Giri, Ram Prasad y Ajit Varma.
264 #1 - PRODUCCIÓN, PUBLICACIÓN, DISTRIBUCIÓN, FABRICACIÓN Y COPYRIGHT
Producción, publicación, distribución, fabricación y copyright Cham, Switzerland :
Nombre del de productor, editor, distribuidor, fabricante Sprinter,
Fecha de producción, publicación, distribución, fabricación o copyright 2018.
300 ## - DESCRIPCIÓN FÍSICA
Extensión xi, 519 páginas.
Otras características físicas tablas, figuras.
490 1# - MENCIÓN DE SERIE
Mención de serie Soil biology
504 ## - NOTA DE BIBLIOGRAFÍA, ETC.
Nota de bibliografía, etc. Incluye referencias.
650 #2 - PUNTO DE ACCESO ADICIONAL DE MATERIA--TÉRMINO DE MATERIA
9 (RLIN) 94671
Término de materia o nombre geográfico como elemento de entrada Raíces
Subdivisión general Anatomía
650 #2 - PUNTO DE ACCESO ADICIONAL DE MATERIA--TÉRMINO DE MATERIA
9 (RLIN) 94672
Término de materia o nombre geográfico como elemento de entrada Raíces
Subdivisión general Crecimiento
650 #2 - PUNTO DE ACCESO ADICIONAL DE MATERIA--TÉRMINO DE MATERIA
9 (RLIN) 94675
Término de materia o nombre geográfico como elemento de entrada Raíces
Subdivisión general Fisiología y morfología
650 #2 - PUNTO DE ACCESO ADICIONAL DE MATERIA--TÉRMINO DE MATERIA
9 (RLIN) 94673
Término de materia o nombre geográfico como elemento de entrada Raíces
Subdivisión general Enfermedades
650 #2 - PUNTO DE ACCESO ADICIONAL DE MATERIA--TÉRMINO DE MATERIA
9 (RLIN) 144108
Término de materia o nombre geográfico como elemento de entrada Conservación de suelos
700 1# - PUNTO DE ACCESO ADICIONAL--NOMBRE DE PERSONA
9 (RLIN) 186500
Nombre de persona Giri, Bhoopander
Término indicativo de función/relación Editor.
700 1# - PUNTO DE ACCESO ADICIONAL--NOMBRE DE PERSONA
9 (RLIN) 186501
Nombre de persona Prasad, Ram
Término indicativo de función/relación Editor.
700 1# - PUNTO DE ACCESO ADICIONAL--NOMBRE DE PERSONA
9 (RLIN) 186502
Nombre de persona Varma, Ajit
Término indicativo de función/relación Editor.
830 1# - PUNTO DE ACCESO ADICIONAL DE SERIE-TÍTULO UNIFORME
9 (RLIN) 186503
Título uniforme Soil biology
942 ## - ELEMENTOS DE PUNTO DE ACCESO ADICIONAL (KOHA)
Fuente del sistema de clasificación o colocación Dewey Decimal Classification
Tipo de ítem Koha Libro
Holdings
Estado de retiro Estado de pérdida Fuente del sistema de clasificación o colocación Estado dañado Restricciones de uso No para préstamo Código de colección Localización permanente Ubicación/localización actual Ubicación en estantería Fecha de adquisición Total de préstamos Signatura topográfica completa Código de barras Fecha visto por última vez Fecha del último préstamo Precio válido a partir de Tipo de ítem Koha Número de copia
    Dewey Decimal Classification   Préstamo 15 días   General Biblioteca Central Biblioteca Central Planta alta - Colección General 22/03/2023 1 575.54 R67 33724002566347 09/04/2024 22/03/2024 22/03/2023 Libro  
    Dewey Decimal Classification   Préstamo 15 días   General Biblioteca Central Biblioteca Central Planta alta - Colección General 22/03/2023   575.54 R67 33724002566389 22/03/2023   22/03/2023 Libro c.2